<A> Monte Carlo evaluation of the Box-Cox difference transformation.

Metódou Monte Carlo sa dokazuje, že diferenčná transformácia Box-Cox dáva dobré výsledky už pri vzorke s 30 prvkami. Analýza niektorých ďalších vlastností tejto metódy.

Salvato in:
Dettagli Bibliografici
Autore principale: Seaks, T.G
Altri autori: Vinies, D.P
Natura: Capitolo di libro
Lingua:inglese
Soggetti:
Tags: Aggiungi Tag
Nessun Tag, puoi essere il primo ad aggiungerne!!

MARC

LEADER 00000naa a2200000 4500
001 r006170
005 20220819193415.6
041 0 |a eng 
044 |a US 
245 1 0 |a <A> Monte Carlo evaluation of the Box-Cox difference transformation.  |c T.G. Seaks, D.P. Vinies 
520 |a Metódou Monte Carlo sa dokazuje, že diferenčná transformácia Box-Cox dáva dobré výsledky už pri vzorke s 30 prvkami. Analýza niektorých ďalších vlastností tejto metódy. 
610 2 0 |a metóda Monte Carlo 
610 2 0 |a Box-Cox 
610 2 0 |a metódy matematicko-štatistické 
100 1 |a Seaks, T.G. 
700 1 |a Vinies, D.P.